| 000 | 00000nas##2200000za#4500 |
| 001 | 9.501177 |
| 003 | CaOODSP |
| 005 | 20200325121818 |
| 007 | cr ||||||||||| |
| 008 | 150406c1997||||xxc|| m o||||f| |0fre|d |
| 040 | |aCaOODSP|bfre |
| 043 | |an-cn--- |
| 086 | 1 |aFo29-47F-PDF |
| 110 | 1 |aCanada.|bRessources naturelles Canada. |bService canadien des forêts. |
| 245 | 10|aNotes de transfert technologique : |h[ressource électronique]|bapplications de la recherche forestière / |cPublié par le Centre de foresterie du Pacifique. |
| 260 | |aVictoria - Colombie Britannique : |bRessources naturelles Canada. |
| 310 | |aIrrégulier |
| 500 | |aL'ISSN (1209-6571) de l'édition imprimé en anglais a été incorrectement copié dans l'édition pdf en français. |
| 520 | 3 |aCes notes décrivent les applications de la recherche forestière récente effectuée par le Centre de foresterie du Pacifique situé en Colombie-Britannique. Un sommaire de la recherche et de ses applications est suivi d’une liste d’articles scientifiques pertinents et du nom d’une personne-ressource au Centre de foresterie du Pacifique. |
| 775 | 08|tTechnology transfer note : |w(CaOODSP)9.504768 |
| 776 | 0#|tNotes de transfert technologique : |w(CaOODSP)9.513024 |